000 00437nam a2200145Ia 4500
003 OSt
005 20260202123936.0
008 211028s2019 xx 000 0 und d
040 _cAIMIT LIBRARY
041 _aeng
100 _aKumar K, Ashwin; Baretto, Royce.
_g1716036
_98016
245 _aStudy on the working capital management of Janatha Fish Meal and Oil Industry /
260 _aMangalore
_bRajani Suresh
_c2019
942 _2ddc
_cPRO
999 _c219584
_d219584